00898nam a22002297a 4500999001500000001000500015003000900020005001700029008004100046040003800087082002500125245009100150260004700241300002100288505005900309650004500368650003800413700002700451710005200478942001200530952012600542 c1534d15348288BD-DhUAP20250710181945.0200209s2003 bg ||||| |||| 00| 0 eng d aBD-DhUAPbEngcBD-DhUAPdBD-DhUAP 223a343.5492052 INC  aIncome tax manual :bas amended up to July, 2003 /cCompiled by Lal Bahadur Adhikary. aDhaka :bNational Board of Revenue,c2003. aparts ;c24 cm.  aP. 1- The income tax ordinance, 1984 (xxxvi of 1984).  aIncome Tax Ordinance, 1984 (Bangladesh). aIncome tax vLaw and legislation. aAdhikary, Lal Bahadur. aGovernment of the People's Republic Bangladesh. 2ddccBK 00102ddc4070aUAPCLbUAPCLcGeneral Stacksd2020-02-09o343.5492052 INC P-1p3010008288r2020-02-09t1w2020-02-09yBK